Organization and movement of white collar employees of west bengal in the post-colonial period 1947-77 / (Record no. 142063)

MARC details
000 -LEADER
fixed length control field 00638nam a22001937a 4500
005 - DATE AND TIME OF LATEST TRANSACTION
control field 20170628111226.0
010 ## - LCCN (DPL NO)
LC control number ENG-118970
020 ## - INTERNATIONAL STANDARD BOOK NUMBER
International Standard Book Number 9788180642449
Terms of availability 300.00
035 ## - SYSTEM CONTROL NUMBER
System control number EN-102502
037 ## - SOURCE OF ACQUISITION
Source of stock number/acquisition DBAD/PUB
082 ## - DEWEY DECIMAL CLASSIFICATION NUMBER
Classification number 331.8836095414
100 ## - MAIN ENTRY--PERSONAL NAME
Personal name Kayal, Anuradha
245 ## - TITLE STATEMENT
Title Organization and movement of white collar employees of west bengal in the post-colonial period 1947-77 /
Statement of responsibility, etc by Anuradha Kayal
260 ## - PUBLICATION, DISTRIBUTION, ETC. (IMPRINT)
Place of publication, distribution, etc Kolkata
Name of publisher, distributor, etc Progressive Publishers
Date of publication, distribution, etc 2017
270 ## - ADDRESS
Address 37A, Colege Street Kolkata-700073
300 ## - PHYSICAL DESCRIPTION
Extent 348p
Dimensions 22cm.(Hb)
500 ## - GENERAL NOTE
General note Includes index
942 ## - ADDED ENTRY ELEMENTS (KOHA)
Source of classification or shelving scheme Dewey Decimal Classification
Item type English Books
Classification part 331.8836095414
Call number suffix KAY
Holdings
Withdrawn status Lost status Not for loan Collection code Home library Current library Date acquired Source of acquisition Cost, normal purchase price Full call number Barcode Copy number Cost, replacement price Koha item type
    Not For Loan Non-fiction D.B.Act.Division D.B.Act.Division 28/06/2017 DBAD/PUB 300.00 331.8836095414 KAY EN-102502 1 300.00 English Books

© Delhi Public Library
Hit Counter
free hit counter